000 00701nam a2200217 4500
001 145426
003 ES-MaACL
005 20251002203605.0
007 t|
008 070214s1905 fr r ||||1| fre d
100 1 _aSpencer, Herbert,
_d1820-1903
_9107684
245 1 4 _aLes premiers principes /
_cHerbert Spencer ; traduit par M. E. Cazelles.
250 _a10ª. ed.
260 _aParis :
_bFélix Alcan,
_c1905.
300 _aXCI, 499 p. ;
_c23 cm.
490 1 _aBibliotheque de Philosophie contemporaine
700 1 _aCazelles, Émile,
_d1831-1908
_9126406
830 0 _aBibliotheque de Philosophie contemporaine
_9181027
852 _aES-MaACL
_jB-5570
999 _c145426
_d145426